El concepto del amor en la fraseología española y eslovaca bakalárska práca

Salvato in:
Dettagli Bibliografici
Autore principale: Bartošovičová, Terézia
Ente Autore: Fakulta aplikovaných jazykov EU v Bratislave. Katedra románskych a slovanských jazykov
Altri autori: Mocková, Nina, 1987-
Natura: Libro
Lingua:spagnolo
Pubblicazione: Bratislava 2023
Tags: Aggiungi Tag
Nessun Tag, puoi essere il primo ad aggiungerne!!

MARC

LEADER 00000nbm a2200000 4500
001 0292821
005 20240920135837.5
041 0 |a spa 
044 |a SK 
245 1 0 |a El concepto del amor en la fraseología española y eslovaca  |b bakalárska práca  |c Terézia Bartošovičová ; školiteľ: Nina Mocková 
264 1 |a Bratislava  |c 2023 
300 |a 52 s. 
100 1 |a Bartošovičová, Terézia 
700 1 |a Mocková, Nina, 1987- 
710 2 |a Fakulta aplikovaných jazykov EU v Bratislave. Katedra románskych a slovanských jazykov